000 00688cam a22002054a 4500
999 _c7554
_d7554
003 OSt
005 20200313051342.0
008 061026s2008 mauabf b 001 0 eng
020 _a9780763738280
040 _aDLC
_cDLC
_dBTCTA
_dBAKER
_dYDXCP
_dC#P
_dDLC
082 0 0 _a551.5
_222
_bROH
100 1 _aRohli, Robert V.
245 1 0 _aClimatology /
_cRobert V. Rohli, Anthony J. Vega.
260 _aSudbury, Mass. :
_bJones and Bartlett Publishers,
_cc2008.
300 _axv, 466 p., [8] p. of plates :
_bill. (some col.), maps (some col.) ;
_c28 cm.
504 _aIncludes bibliographical references and index.
650 0 _aClimatology
_vTextbooks.
700 1 _aVega, Anthony J.
942 _2ddc